| 000 | 00754nam a2200229Ia 4500 | ||
|---|---|---|---|
| 003 | GCL | ||
| 008 | 140319s9999 xx 000 0 ara d | ||
| 040 |
_aGCL / _cGCL |
||
| 082 | 0 | 4 |
_a355.3 _bا ج |
| 100 | 1 | _aامين محمود عطايا | |
| 245 | 1 | 0 |
_aالجيش الاسرائيلى 1948 - 1995 : التطور - العتاد - الاستخدام القتالى / _cامين محمود عطايا |
| 300 | _a341 | ||
| 490 |
_a100 قصة _v0 |
||
| 650 | 0 | 4 | _aالدفاع المدنى |
| 650 | 0 | 4 | _aالعلوم الحربية |
| 650 | 0 | 4 | _aالاسلحة |
| 650 | 0 | 4 | _aالتعبئة العسكرية |
| 650 | 0 | 4 | _aاسرائيل - تاريخ |
| 650 | 0 | 4 | _aقيادة الجيش |
| 650 | 0 | 4 | _aالطيران الحربى |
| 942 |
_2ddc _cBK |
||
| 999 |
_c43830 _d43830 |
||